| 000 | 00569nam a2200229Ia 4500 | ||
|---|---|---|---|
| 003 | 0100 | ||
| 008 | 130303s9999 xx 000 0 und d | ||
| 020 | _a0415939372 | ||
| 040 | _cARRUPELIB | ||
| 050 | _aB5305.B45 2002 | ||
| 100 | _aBell, Richard H | ||
| 245 | _aUnderstanding African Philosophy | ||
| 245 | _ba cross-cultural approach to classical and contemporary issues | ||
| 260 | _aNew York | ||
| 260 | _bRoutledge | ||
| 260 | _C2002 | ||
| 300 | _axviii | ||
| 300 | _b 189p. 24cm. | ||
| 650 | _aPHILOSOPHY | ||
| 650 | _bPhysiology | ||
| 942 | 0 | 0 | _012 |
| 999 |
_c13710 _d13710 |
||